[Event "Challenge"]
[Site "http://www.queenalice.com/game.php?id=470127"]
[Date "2008.9.29"]
[Round "-"]
[White "GM_Cleriston"]
[Black "animis"]
[Result "1-0"]
[WhiteElo "2050"]
[BlackElo "1984"]

1. e4 c5 2. Nf3 d6 3. d4 cxd4 4. Nxd4 Nf6 5. Nc3 a6 6. Bg5 e6 7. f4 Nbd7 8. Qf3
Qb6 9. O-O-O Qc7 10. Be2 Be7 11. Qg3 b5 12. f5 Ne5 13. Bf4 Bb7 14. fxe6 O-O 15.
exf7+ Nxf7 16. Ne6 Qb6 17. Qxg7# 1-0

[Event "Challenge"]
[Site "http://www.queenalice.com/game.php?id=470787"]
[Date "2008.9.30"]
[Round "-"]
[White "josealexandreschultz"]
[Black "GM_Cleriston"]
[Result "0-1"]
[WhiteElo "1538"]
[BlackElo "2039"]

1. e4 Nf6 2. Nc3 d5 3. d4 dxe4 4. Bc4 Bg4 5. Nge2 Nc6 6. O-O e5 7. dxe5 Nxe5 8.
Bb3 Bb4 9. a3 Qxd1 10. Rxd1 Bxc3 11. bxc3 Bxe2 12. Re1 O-O-O 13. Bg5 Bc4 14. Ba4
Bd5 15. Bf4 Nc4 16. Ra2 Ne5 17. Rb2 Ng6 18. Be3 Kb8 19. Reb1 b6 20. c4 Bxc4 21.
c3 Rd3 22. Bd4 Ne7 23. Bd1 Nf5 24. Be2 Nxd4 25. cxd4 Rxd4 26. Bd1 Rhd8 27. Bb3
Bxb3 28. h3 Rd1+ 29. Kh2 Rxb1 30. Rxb1 Bc2 31. Rb2 Rd2 32. Kg3 Rd3+ 33. f3 Bd1
34. Rf2 e3 0-1

[Event "Challenge"]
[Site "http://www.queenalice.com/game.php?id=472338"]
[Date "2008.10.3"]
[Round "-"]
[White "piemme"]
[Black "GM_Cleriston"]
[Result "0-1"]
[WhiteElo "1846"]
[BlackElo "2125"]

1. e4 c5 2. Nf3 Nc6 3. Bc4 e6 4. O-O d5 5. exd5 exd5 6. Qe1+ Be7 7. Bb5 Nf6 8.
d3 O-O 9. Nc3 Qc7 10. Bg5 a6 11. Nxd5 Nxd5 12. c4 axb5 13. cxd5 Bxg5 14. dxc6
Bf6 15. Rb1 Rxa2 16. cxb7 Bxb7 17. Qe2 Qf4 18. Rfd1 Bxf3 19. Qxf3 Qxf3 20. gxf3
b4 21. b3 Bd4 22. Rf1 Rd2 23. Rfd1 Rxf2 24. Rf1 Rxf3+ 25. Kg2 Rxd3 26. Rf5 Ra8
27. Rd5 Ra2+ 28. Kh1 g6 29. Rd8+ Kg7 30. Re8 Rh3 0-1

[Event "Challenge"]
[Site "http://www.queenalice.com/game.php?id=473854"]
[Date "2008.10.7"]
[Round "-"]
[White "GM_Cleriston"]
[Black "Xavier"]
[Result "1-0"]
[WhiteElo "2122"]
[BlackElo "1768"]

1. e4 d5 2. exd5 Qxd5 3. Nc3 Qe5+ 4. Be2 Nf6 5. Nf3 Qc5 6. d4 Qa5 7. Bd2 Qb6 8.
Bc4 e6 9. Bb3 Bd7 10. O-O Nc6 11. Be3 Qa5 12. d5 Nxd5 13. Nxd5 exd5 14. Bxd5
O-O-O 15. Qd2 Bb4 16. c3 Bc5 17. Bxc5 Qxc5 18. Bxf7 Bg4 19. Qf4 Bxf3 20. Qxf3
Ne5 21. Qf5+ Kb8 22. Rae1 Nxf7 23. Qxc5 Nd6 24. Re7 Ne8 25. Rfe1 b6 26. Qc6 a5
27. Rxe8 Ka7 28. Qxc7+ 1-0

[Event "Challenge"]
[Site "http://www.queenalice.com/game.php?id=474285"]
[Date "2008.10.8"]
[Round "-"]
[White "GM_Cleriston"]
[Black "Railton"]
[Result "1-0"]
[WhiteElo "2039"]
[BlackElo "1734"]

1. e4 e5 2. f4 d6 3. Nf3 exf4 4. Bc4 Be7 5. d4 Bg4 6. O-O Nf6 7. h3 Bh5 8. Nc3
O-O 9. Bxf4 h6 10. Qe1 a6 11. g4 Bg6 12. g5 Nh5 13. Nh4 Kh8 14. Bd2 Bxg5 15.
Nxg6+ fxg6 16. Rxf8+ Qxf8 17. Bxg5 hxg5 18. Nd5 Qe7 19. Nxe7 1-0

[Event "Challenge"]
[Site "http://www.queenalice.com/game.php?id=474436"]
[Date "2008.10.8"]
[Round "-"]
[White "GM_Cleriston"]
[Black "Railton"]
[Result "1-0"]
[WhiteElo "1999"]
[BlackElo "1716"]

1. e4 e5 2. f4 exf4 3. Nf3 Bc5 4. d4 Bb4+ 5. c3 Be7 6. Bxf4 d6 7. Bc4 Bh4+ 8. g3
Bf6 9. O-O a6 10. e5 Be7 11. Qb3 b5 12. Bxf7+ Kf8 13. Bxg8 Rxg8 14. exd6 cxd6
15. Ng5 1-0

[Event "Challenge"]
[Site "http://www.queenalice.com/game.php?id=474441"]
[Date "2008.10.8"]
[Round "-"]
[White "GM_Cleriston"]
[Black "gege2561"]
[Result "1-0"]
[WhiteElo "2102"]
[BlackElo "1598"]

1. e4 e6 2. d4 Nf6 3. e5 Nd5 4. c4 Nb4 5. a3 N4c6 6. f4 Be7 7. Nf3 b6 8. b4 a6
9. Nc3 a5 10. b5 Na7 11. Bd3 c6 12. a4 Bb4 13. Bd2 Qe7 14. O-O d5 15. exd6 Qxd6
16. Ne4 Qe7 17. Ne5 O-O 18. Qh5 h6 19. Bxb4 axb4 20. c5 f6 21. Ng6 Qf7 22. Nd6
Qc7 23. Nxf8 Kxf8 24. Qe8# 1-0

[Event "Challenge"]
[Site "http://www.queenalice.com/game.php?id=476321"]
[Date "2008.10.12"]
[Round "-"]
[White "GM_Cleriston"]
[Black "basti822"]
[Result "1-0"]
[WhiteElo "2102"]
[BlackElo "1612"]

1. e4 g6 2. d4 c5 3. Nf3 d6 4. Bc4 Bg4 5. h3 Bxf3 6. Qxf3 Qa5+ 7. Bd2 Qb6 8.
Qxf7+ Kd8 9. Qxf8+ Kd7 10. Na3 a5 11. O-O-O Qa7 12. Qg7 Nf6 13. Qxh8 Nc6 14. Qg7
Nxe4 15. Rhe1 Nxf2 16. Nb5 Qb8 17. Be6+ 1-0

[Event "Challenge"]
[Site "http://www.queenalice.com/game.php?id=478334"]
[Date "2008.10.17"]
[Round "-"]
[White "GM_Cleriston"]
[Black "hjspinosa"]
[Result "0-1"]
[WhiteElo "2156"]
[BlackElo "2141"]

1. e4 c5 2. Nf3 d6 3. d4 cxd4 4. Nxd4 Nf6 5. Nc3 g6 6. Be3 Bg7 7. f3 O-O 8. Qd2
Nc6 9. Bc4 Bd7 10. Nxc6 bxc6 11. Bh6 Bxh6 12. Qxh6 Qb6 13. O-O-O Rfb8 14. Bb3 a5
15. e5 dxe5 16. Na4 Qb5 17. g4 c5 18. g5 Nh5 19. c4 Qc6 20. Rhe1 Be6 21. Re4 Bf5
22. Re3 Rd8 23. Nc3 e6 24. Ne4 Bxe4 25. Rxe4 Rab8 26. Rg1 Rd4 27. Rge1 Rbd8 28.
Bc2 Qd6 29. Kb1 Rd2 30. h3 Rh2 31. Rc1 Rxh3 32. Rg4 Rh2 33. Rgg1 Qc6 34. Rgd1
Rdd2 35. Rxd2 Rxd2 36. Be4 Qd6 37. a3 Qd4 38. Rc3 a4 39. Rc2 Rd1+ 40. Rc1 Rxc1+
41. Kxc1 Qxc4+ 42. Kb1 Qe2 43. Bc6 c4 44. Bxa4 Qxf3 0-1

[Event "Challenge"]
[Site "http://www.queenalice.com/game.php?id=483661"]
[Date "2008.10.27"]
[Round "-"]
[White "GM_Cleriston"]
[Black "mandar9589"]
[Result "0-1"]
[WhiteElo "2154"]
[BlackElo "2089"]

1. e4 c5 2. Nf3 d6 3. d4 cxd4 4. Nxd4 Nf6 5. Nc3 g6 6. Be3 Bg7 7. f3 O-O 8. Qd2
Nc6 9. Nxc6 bxc6 10. O-O-O Qa5 11. Bh6 Rb8 12. Bc4 Qb4 13. Bb3 Be6 14. Kb1 Rfd8
15. Bxg7 Kxg7 16. e5 dxe5 17. Qxd8 Rxd8 18. Rxd8 Bxb3 19. cxb3 e4 20. fxe4 Nxe4
21. Rc1 a5 22. g3 f5 23. Rd7 Kf7 24. Rd8 h5 25. Rc2 e5 26. Rd7+ Ke6 27. Rg7 Kf6
28. Rd7 Nxc3+ 29. bxc3 Qc5 30. Kb2 g5 31. Rcd2 f4 32. R7d6+ Kf5 33. gxf4 gxf4
34. Rh6 Kg5 35. Rh7 e4 36. Rg7+ Kh4 37. Rf7 Qe3 38. Kc2 f3 39. a3 Qg1 40. Rf4+
Kg5 41. Rxe4 f2 42. Rde2 f1=Q 43. Re5+ Kf4 44. R5e4+ Kf3 45. R4e3+ Qxe3 0-1

[Event "Challenge"]
[Site "http://www.queenalice.com/game.php?id=483673"]
[Date "2008.10.27"]
[Round "-"]
[White "GM_Cleriston"]
[Black "Cueball600"]
[Result "1/2-1/2"]
[WhiteElo "2185"]
[BlackElo "2190"]

1. e4 e5 2. f4 exf4 3. Nf3 d5 4. exd5 Nf6 5. Bb5+ c6 6. dxc6 bxc6 7. Bc4 Qe7+ 8.
Be2 Qc7 9. O-O Bc5+ 10. d4 Bd6 11. c4 c5 12. Nc3 O-O 13. Nb5 Qb6 14. b4 Qd8 15.
dxc5 Be7 16. Qxd8 Bxd8 17. Nfd4 Bg4 18. Bxg4 Nxg4 19. Bxf4 a6 20. Bd6 Re8 21.
Rae1 Rxe1 22. Rxe1 Nf6 23. Nc3 h5 24. Nd1 Nbd7 25. c6 Nf8 26. c7 Bxc7 27. Bxc7
Rc8 28. Bd6 Rxc4 29. Bc5 Rc1 30. Kf1 N8d7 31. Ne3 Rc3 32. Bd6 Ra3 33. Re2 Rd3
34. Nef5 g6 35. Ne7+ Kg7 36. Nec6 Nd5 37. Kf2 Kh7 38. g3 N7f6 39. Kg1 Rd1+ 40.
Kg2 Nc3 41. Re7 Rd2+ 42. Kh1 Rd1+ 43. Kg2 Rd2+ 44. Kf1 Rd1+ 45. Kg2 1/2-1/2

[Event "Challenge"]
[Site "http://www.queenalice.com/game.php?id=483685"]
[Date "2008.10.27"]
[Round "-"]
[White "GM_Cleriston"]
[Black "chuckvondra"]
[Result "1-0"]
[WhiteElo "2102"]
[BlackElo "1979"]

1. e4 c5 2. Nf3 Nc6 3. d4 cxd4 4. Nxd4 e5 5. Nb5 Qa5+ 6. N1c3 Bb4 7. a3 Bxc3+ 8.
Nxc3 Nf6 9. f3 O-O 10. Be3 a6 11. Bc4 b5 12. Bb3 Bb7 13. O-O h6 14. Qd6 Qd8 15.
Rad1 Bc8 16. Nd5 Nxd5 17. exd5 Ne7 18. Bb6 Qe8 19. Qxe5 Ng6 20. Qc3 d6 21. Rfe1
Qd7 22. Qc6 Rb8 23. Bc7 Rb7 24. Bxd6 Rd8 25. Bc5 Rc7 26. Qxd7 Bxd7 27. Bb6 1-0

[Event "Challenge"]
[Site "http://www.queenalice.com/game.php?id=483687"]
[Date "2008.10.27"]
[Round "-"]
[White "GM_Cleriston"]
[Black "decimator"]
[Result "0-1"]
[WhiteElo "2146"]
[BlackElo "2181"]

1. e4 e5 2. f4 exf4 3. Nf3 d6 4. Bc4 Bg4 5. h3 Bxf3 6. Qxf3 Qh4+ 7. Kd1 a6 8.
Qb3 Qh5+ 9. Be2 f3 10. Bxf3 Qb5 11. Qxb5+ axb5 12. Nc3 c6 13. d4 Nf6 14. Re1
Nbd7 15. g4 Nb6 16. Bf4 Nfd7 17. g5 g6 18. e5 dxe5 19. Bxe5 Nxe5 20. Rxe5+ Be7
21. Kc1 Kf8 22. h4 h6 23. d5 b4 24. Ne2 Nxd5 25. Bxd5 cxd5 26. Kd2 hxg5 0-1

[Event "Challenge"]
[Site "http://www.queenalice.com/game.php?id=484178"]
[Date "2008.10.28"]
[Round "-"]
[White "GM_Cleriston"]
[Black "Rutty"]
[Result "1-0"]
[WhiteElo "2132"]
[BlackElo "1966"]

1. e4 e5 2. Nf3 Nc6 3. Bc4 Bc5 4. c3 Nf6 5. d4 exd4 6. cxd4 Bb4+ 7. Nc3 Nxe4 8.
O-O Bxc3 9. bxc3 d5 10. Re1 O-O 11. Qc2 h6 12. Bd3 f5 13. Rb1 b6 14. Qb3 Kh7 15.
Qa3 Bb7 16. h4 Rf6 17. Bf4 Qd7 18. Nh2 Rg8 19. f3 Nd6 20. Ng4 Re6 21. Bxd6 Rxd6
22. Ne5 Nxe5 23. dxe5 Rg6 24. e6 1-0

[Event "Father O'Blivion"]
[Site "http://www.queenalice.com/game.php?id=484242"]
[Date "2008.10.28"]
[Round "-"]
[White "decimator"]
[Black "GM_Cleriston"]
[Result "1-0"]
[WhiteElo "2220"]
[BlackElo "2170"]

1. d4 Nf6 2. c4 g6 3. Nf3 Bg7 4. Nc3 d6 5. Bg5 Nbd7 6. e4 c5 7. d5 h6 8. Bxf6
Bxf6 9. Be2 Bxc3+ 10. bxc3 Qa5 11. Qc2 Nb6 12. O-O Bg4 13. Qd3 Qa4 14. Nd2 Bxe2
15. Qxe2 Qc2 16. Rfc1 Qb2 17. Qe3 Qa3 18. e5 O-O-O 19. exd6 exd6 20. Qe7 Rd7 21.
Qf6 Rhd8 22. Re1 Qb2 23. Rad1 Na4 24. Ne4 Qxa2 25. Qf4 g5 26. Qf5 Kb8 27. Nf6
Rc7 28. Qd3 Qb2 29. Re3 Qa2 30. Rde1 Nb6 31. Re4 Rcc8 32. f4 Rh8 33. Qf1 Ka8 34.
fxg5 hxg5 35. Ne8 Nxc4 36. Qf6 Rh4 37. Nc7+ Kb8 38. Re8 Ne3 39. R1xe3 1-0

[Event "Challenge"]
[Site "http://www.queenalice.com/game.php?id=485554"]
[Date "2008.10.31"]
[Round "-"]
[White "GM_Cleriston"]
[Black "KLEOJ"]
[Result "1-0"]
[WhiteElo "2144"]
[BlackElo "2087"]

1. e4 c5 2. Nf3 e6 3. d4 cxd4 4. Nxd4 a6 5. Nc3 b5 6. a3 Bb7 7. Be2 Qc7 8. O-O
Nf6 9. Qd3 Nc6 10. Nxc6 Bxc6 11. Bg5 Be7 12. f4 d6 13. Rad1 Rd8 14. Kh1 O-O 15.
Bh4 d5 16. e5 Ne4 17. Bxe7 Qxe7 18. Nxe4 dxe4 19. Qc3 Bd5 20. Qh3 f5 21. Rd4 Qc5
22. c3 a5 23. Rfd1 Rb8 24. Qh5 b4 25. axb4 axb4 26. c4 Bc6 27. Rd6 Ba4 28. R1d4
Be8 29. Qh4 Qa7 30. b3 Qa1+ 31. Bd1 Qc3 32. Rd2 Ra8 33. Rd8 Ra7 34. R2d6 e3 35.
h3 e2 36. Bxe2 Ra1+ 37. Kh2 Qe3 38. Bd1 Ra2 39. Rxe6 Qe4 40. Qg5 h6 41. Rexe8
Rxe8 42. Rxe8+ Kh7 43. Qg3 Qb7 44. Bh5 Ra6 45. e6 g5 46. Qd3 1-0

[Event "Challenge"]
[Site "http://www.queenalice.com/game.php?id=486504"]
[Date "2008.11.1"]
[Round "-"]
[White "GM_Cleriston"]
[Black "alan_enxadrista"]
[Result "1-0"]
[WhiteElo "2167"]
[BlackElo "1895"]

1. e4 e5 2. f4 d5 3. Nf3 dxe4 4. Nxe5 Nd7 5. Nc3 Ngf6 6. Bc4 Nxe5 7. fxe5 Nd7 8.
e6 fxe6 9. Bxe6 Nf6 10. Bxc8 Rxc8 11. Qe2 Qd4 12. Qb5+ Kd8 13. Qxb7 Qb6 14. Qxb6
cxb6 15. O-O Bc5+ 16. Kh1 Re8 17. Rf5 Bd4 18. Ne2 Be5 19. c3 Rc5 20. Rf1 Rd5 21.
b3 Kd7 22. a4 1-0

[Event "Challenge"]
[Site "http://www.queenalice.com/game.php?id=487250"]
[Date "2008.11.3"]
[Round "-"]
[White "GM_Cleriston"]
[Black "decimator"]
[Result "0-1"]
[WhiteElo "2185"]
[BlackElo "2213"]

1. e4 e5 2. f4 exf4 3. Nf3 Nc6 4. Bc4 g5 5. O-O Bc5+ 6. d4 Bb6 7. c3 d6 8. Nbd2
h5 9. Bb5 Bd7 10. Nc4 h4 11. Qb3 h3 12. g3 fxg3 13. Nxg5 Nh6 14. Nxb6 axb6 15.
Nxf7 gxh2+ 16. Kh1 Qh4 17. Ng5 Rg8 18. Bxc6 bxc6 19. Qc2 O-O-O 20. Nf3 Qg3 21.
Bg5 Rdf8 22. Qxh2 Qg4 23. Qe2 Rxg5 24. Rf2 Qf4 25. Raf1 Ng4 26. Qa6+ Kb8 27. Re2
Qxf3+ 28. Rxf3 Rxf3 29. Rd2 b5 30. Kg1 h2+ 31. Kg2 Ne5+ 32. Kxh2 Rh3# 0-1

[Event "Challenge"]
[Site "http://www.queenalice.com/game.php?id=487557"]
[Date "2008.11.3"]
[Round "-"]
[White "GM_Cleriston"]
[Black "KLEOJ"]
[Result "1-0"]
[WhiteElo "2173"]
[BlackElo "2043"]

1. e4 c5 2. Nf3 e6 3. d4 cxd4 4. Nxd4 a6 5. Nc3 b5 6. Bd3 Qb6 7. Nf3 Bb7 8. O-O
Nc6 9. a4 b4 10. Ne2 Qc7 11. Bf4 d6 12. Rc1 Nf6 13. c3 bxc3 14. Rxc3 e5 15. Bg5
Be7 16. Ng3 h6 17. Bxf6 Bxf6 18. Nh5 Qe7 19. Qb3 Bg5 20. Nxg7+ Kf8 21. Nf5 Qd7
22. Nxd6 Qxd6 23. Qxb7 Rd8 24. Rxc6 Qe7 25. Rc7 Qf6 26. Bc4 Rh7 27. Nxe5 1-0

[Event "Revanche !"]
[Site "http://www.queenalice.com/game.php?id=549453"]
[Date "2009.3.3"]
[Round "-"]
[White "GM_Cleriston"]
[Black "hjspinosa"]
[Result "1/2-1/2"]
[WhiteElo "2140"]
[BlackElo "2149"]

1. e4 c5 2. Nf3 d6 3. d4 cxd4 4. Nxd4 Nf6 5. Nc3 g6 6. Be3 Bg7 7. f3 O-O 8. Qd2
Nc6 9. Bc4 Bd7 10. O-O-O Ne5 11. Bb3 Qa5 12. Bh6 Bxh6 13. Qxh6 Rfc8 14. Nd5 Nxd5
15. Bxd5 Nc4 16. Kb1 Qb4 17. Nb3 a5 18. Bxf7+ Kxf7 19. Qxh7+ Kf6 20. Qh4+ Kf7
21. Qh7+ Kf6 22. Qh4+ Kf7 23. Qh7+ 1/2-1/2